000
00210nam a2200097Ia 4500
008
190216s9999||||xx |||||||||||||| ||und||
100
_a
Kanam E J
245
0
_a
Kalayum Changalayum
260
_b
Null
942
_c
BK
999
_c
23789
_d
23789